The West Wing - TV show - Statistics

General Stats
  • This quiz has been taken 36 times
  • The average score is 4 of 15
Answer Stats
Hint Answer % Correct
What is the last line spoken in the last episode of the West Wing? Tomorrow
64%
In season 7, what sports team uniforms do Toby's children dress up as for Halloween? (much to Toby's chagrin) Orioles
42%
Ainsley Hayes home state? North Carolina
36%
What organization was Toby's father a member of? Murder, Inc.
33%
What type of surgery is First Lady Abi Barlet board certified in? Thoracic
30%
What university did Donna Moss not graduate from? University of Wisconsin
27%
What constitutional amendment did President Bartlet invoke in season 4? The 25th Amendment
24%
At the end of the episode "Dead Irish Writers" which countries flags are presented? Canada
21%
Which former President's funeral is attended by President Bartlet and many of his staffers in California? President Lassiter
21%
What are the names of President Santos two children? Peter and Miranda
18%
What is Josh's fathers first name? Noah
15%
What is the name of the law firm in New York that Sam was working at before joining the Barlet for America campaign? Gage Whitney Pace
12%
What control number does the FBI assign to Zoey in the first episode of season 5? 7A WF 83429
6%
What is the name of the doctor that Elizabeth Bartlet is a research assistant to? Dr. Lewis Foy
6%
In the episode "Two Cathedrals"; President Bartlet yells at God in Latin saying "Cruciatus in crucem. Eas in crucem". What does those phrases translate to in English. To hell with your punishments! And to hell with you!
6%
No matching quizzes found
Score Distribution
Percent of People with Each Score
Percentile by Number Answered
Your Score History
You have not taken this quiz